| 000 | 00869nam0a22002531 4500 | ||
|---|---|---|---|
| 001 | RU\INFOCOMM_327\NLR\5000011539 | ||
| 005 | 20250613104918.0 | ||
| 035 | _a(NLR Aleph) 009515539 | ||
| 090 |
_a8793881 _c8793881 |
||
| 100 | _a20121212d1931 |||y0rusy50 ca | ||
| 101 | 1 |
_ager _crus |
|
| 102 | _aRU | ||
| 105 | _ay z ||||| | ||
| 200 | 1 |
_a... Wollen wir die Sojabohne anbauen _fA. Korostelev _gIns deutsche übertragen von M. Weissbrod |
|
| 210 |
_aMoskau _cZVV _d1931 _gкнижная ф-ка Центриздата |
||
| 215 |
_a18, [2] с. _cил. _d(21х14) см |
||
| 300 | _aНа 4-й с. обл.: "А. Коростелев. Будем сеять сою" | ||
| 620 | _aМосква | ||
| 700 | 1 |
_aKorostelev _bA. A. _gAleksandr Aleksandrovič |
|
| 801 | 1 |
_aRU _bNLR _c20121212 |
|
| 801 | 0 |
_aRU _bINFOCOMM _gPSBO |
|
| 852 |
_aNLR _jЕ-10/38 |
||
| 942 | _cBOOK | ||
| 980 | _aNB | ||